[Event "Pirai do Sul op 25th"]
[Site "Chess.com INT"]
[Date "2020.12.27"]
[Round "7"]
[White "Goncalves, Evandro Jose"]
[Black "Teixeira, Karoline Campos"]
[Result "1-0"]
[WhiteElo "1190"]
[BlackElo "1161"]
[PlyCount "33"]
[EventDate "2020.12.26"]
[EventType "swiss"]
[EventRounds "12"]
[EventCountry "BRA"]
[SourceTitle "CBM 200 Extra"]
[Source "ChessBase"]
[SourceDate "2021.03.31"]
[SourceVersion "1"]
[SourceVersionDate "2021.03.31"]
[SourceQuality "1"]

1. d4 d5 2. c4 e6 3. a3 dxc4 4. Nc3 Nf6 5. e4 Nc6 6. Nf3 Be7 7. Bg5 0-0 8. Bxf6 Bxf6 9. e5 Bg5 10. Bxc4 a6 11. Ne4 Be7 12. Qd3 b5 13. Bb3 Bb7 14. Bc2 f6 15. Nc5 Qc8 16. Qxh7+ Kf7 17. Bg6# 1-0

[Event "Pirai do Sul op 25th"]
[Site "Chess.com INT"]
[Date "2020.12.27"]
[Round "6"]
[White "Oliveira, Lucas Ferreira"]
[Black "Teixeira, Karoline Campos"]
[Result "1-0"]
[WhiteElo "1879"]
[BlackElo "1161"]
[PlyCount "63"]
[EventDate "2020.12.26"]
[EventType "swiss"]
[EventRounds "12"]
[EventCountry "BRA"]
[SourceTitle "CBM 200 Extra"]
[Source "ChessBase"]
[SourceDate "2021.03.31"]
[SourceVersion "1"]
[SourceVersionDate "2021.03.31"]
[SourceQuality "1"]

1. d4 d5 2. c4 dxc4 3. Nc3 e6 4. e4 Bb4 5. Bxc4 a6 6. a3 Bxc3+ 7. bxc3 b5 8. Bb3 c6 9. Nf3 a5 10. 0-0 a4 11. Ba2 Qc7 12. Rb1 Ne7 13. Be3 0-0 14. c4 Rd8 15. Qc2 Ra7 16. cxb5 cxb5 17. Rfc1 Qb7 18. d5 Ra6 19. Nd4 e5 20. Rxb5 Rb6 21. Rxb6 Qxb6 22. Nc6 Qc7 23. Nxd8 Qxd8 24. Qc7 Qxc7 25. Rxc7 Kf8 26. Bc5 Ke8 27. Bxe7 Ba6 28. Bb4 g5 29. f3 h6 30. Re7+ Kf8 31. Rb7+ Kg7 32. Rxb8 1-0

[Event "Pirai do Sul op 25th"]
[Site "Chess.com INT"]
[Date "2020.12.27"]
[Round "5"]
[White "Teixeira, Karoline Campos"]
[Black "Oliveira, Lucas Ferreira"]
[Result "1-0"]
[WhiteElo "1161"]
[BlackElo "1879"]
[PlyCount "35"]
[EventDate "2020.12.26"]
[EventType "swiss"]
[EventRounds "12"]
[EventCountry "BRA"]
[SourceTitle "CBM 200 Extra"]
[Source "ChessBase"]
[SourceDate "2021.03.31"]
[SourceVersion "1"]
[SourceVersionDate "2021.03.31"]
[SourceQuality "1"]

1. e4 e6 2. d4 d5 3. exd5 exd5 4. Nc3 Nf6 5. Bg5 c6 6. Nf3 Be7 7. Bxf6 Bxf6 8. Ne5 0-0 9. Bd3 Re8 10. f4 Bxe5 11. fxe5 Qh4+ 12. g3 Qg5 13. Qf3 Bg4 14. Qg2 Qe3+ 15. Ne2 Bf3 16. Qf2 Bxh1 17. Qxe3 f6 18. 0-0-0 1-0

[Event "Caioba Telecom op"]
[Site "Caioba"]
[Date "2018.08.02"]
[Round "4"]
[White "Teixeira, Karoline Campos"]
[Black "De Bem, Lais Colin"]
[Result "0-1"]
[WhiteElo "1736"]
[BlackElo "1552"]
[PlyCount "60"]
[EventDate "2018.08.01"]
[EventType "swiss"]
[EventRounds "9"]
[EventCountry "BRA"]
[SourceTitle "CBM 186 Extra"]
[Source "ChessBase"]
[SourceDate "2018.08.24"]
[SourceVersion "1"]
[SourceVersionDate "2018.08.24"]
[SourceQuality "1"]

1. e4 c5 2. Nf3 e6 3. d4 cxd4 4. Nxd4 a6 5. Nc3 Qc7 6. g3 Nf6 7. Bg2 d6 8. 0-0 Be7 9. Re1 Nbd7 10. Nf3 0-0 11. b3 Qxc3 12. Bd2 Qc7 13. c4 Rb8 14. Rc1 b6 15. b4 Bb7 16. Ng5 Ne5 17. Qb3 h6 18. Nh3 Rfc8 19. Kh1 Qd7 20. Bxh6 gxh6 21. Nf4 Kh7 22. Bf3 Rg8 23. h4 Qd8 24. Nh5 Nfg4 25. Kg2 Bxh4 26. Bxg4 Rxg4 27. Kh3 Qg5 28. gxh4 Qxh5 29. Kh2 Qxh4+ 30. Qh3 Nf3+ 0-1

[Event "Caioba Telecom op"]
[Site "Caioba"]
[Date "2016.08.28"]
[Round "6"]
[White "Teixeira, Karoline Campos"]
[Black "Bartmeyer, Maria Veronica"]
[Result "0-1"]
[WhiteElo "1800"]
[BlackElo "1551"]
[PlyCount "68"]
[EventDate "2016.08.26"]
[EventType "swiss"]
[EventRounds "6"]
[EventCountry "BRA"]
[SourceTitle "CBM 174 Extra"]
[Source "ChessBase"]
[SourceDate "2016.10.10"]
[SourceVersion "1"]
[SourceVersionDate "2016.10.10"]
[SourceQuality "1"]

1. e4 c5 2. Nf3 d6 3. d4 cxd4 4. Nxd4 Nf6 5. Nc3 g6 6. Bb5+ Bd7 7. Bxd7+ Nbxd7 8. 0-0 Bg7 9. Bg5 0-0 10. Re1 Rc8 11. Nd5 h6 12. Bh4 Re8 13. Qd3 g5 14. Nf5 gxh4 15. Nxg7 Kxg7 16. c4 Ne5 17. Qd4 b6 18. b3 Kh7 19. f4 Ng6 20. Rf1 Nxd5 21. exd5 Qd7 22. f5 Ne5 23. Qxh4 Rg8 24. g3 Rg4 25. Qh5 Rcg8 26. Rf4 R8g5 27. h3 Rxg3+ 28. Kf2 Nd3+ 29. Kf1 Rxh5 30. f6 exf6 31. Rxf6 Rf5+ 32. Rxf5 Qxf5+ 33. Ke2 Qf2+ 34. Kd1 Rg1# 0-1

[Event "Caioba Telecom op"]
[Site "Caioba"]
[Date "2016.08.27"]
[Round "4"]
[White "Teixeira, Karoline Campos"]
[Black "Possan, Andre Corso"]
[Result "1-0"]
[WhiteElo "1800"]
[BlackElo "1800"]
[PlyCount "131"]
[EventDate "2016.08.26"]
[EventType "swiss"]
[EventRounds "6"]
[EventCountry "BRA"]
[SourceTitle "CBM 174 Extra"]
[Source "ChessBase"]
[SourceDate "2016.10.10"]
[SourceVersion "1"]
[SourceVersionDate "2016.10.10"]
[SourceQuality "1"]

1. e4 c5 2. Nf3 d6 3. d4 cxd4 4. Nxd4 Nc6 5. Bb5 Bd7 6. Nc3 a6 7. Bxc6 bxc6 8. b4 Nf6 9. 0-0 g6 10. Re1 Bg7 11. e5 dxe5 12. Rxe5 Nd5 13. Re3 Nxe3 14. Bxe3 0-0 15. Ne4 a5 16. c3 Qc7 17. Nc5 axb4 18. cxb4 e5 19. Ndb3 Be6 20. Nxe6 fxe6 21. g3 e4 22. Nd4 Rfd8 23. a4 Rab8 24. Rb1 e5 25. Qb3+ Rd5 26. Ne6 Qe7 27. Nc5 Kh8 28. Nxe4 Rbd8 29. Bg5 Qe6 30. Bxd8 Qg4 31. Nf6 Qf5 32. Ne8 Rd3 33. Qc2 Rxd8 34. Qxf5 gxf5 35. Nxg7 Kxg7 36. a5 Ra8 37. Rc1 Rc8 38. Rc5 Kf6 39. a6 Ke6 40. a7 Kd6 41. Ra5 Ra8 42. f3 Kc7 43. g4 f4 44. g5 Kb6 45. h4 c5 46. Rxc5 Rxa7 47. Rxe5 Ra1+ 48. Kg2 Ra2+ 49. Kh3 Ra1 50. Kg4 Rg1+ 51. Kxf4 Kc6 52. b5+ Kb6 53. Kf5 Rb1 54. h5 Rxb5 55. Rxb5+ Kxb5 56. g6 hxg6+ 57. hxg6 Ka5 58. g7 Kb4 59. g8Q Kc3 60. Qd5 Kb4 61. Ke5 Kc3 62. f4 Kb4 63. f5 Kc3 64. f6 Kb4 65. f7 Kc3 66. f8Q 1-0